| 000 | 00726 a2200217 4500 | ||
|---|---|---|---|
| 001 | 20949 | ||
| 005 | 20260407155501.0 | ||
| 008 | 260407a2003 arg spa d | ||
| 003 | AR-UNSa-BCEJYS | ||
| 040 |
_aAR-UNSa-BCEJYS _bspa _cAR-UNSa-BCEJYS |
||
| 080 |
_a347.72 _xSociedades comerciales |
||
| 245 | 1 | 0 |
_aRégimen de sociedades comerciales _pLey 19.550 |
| 250 | _a18a. ed. | ||
| 264 | 1 |
_aBuenos Aires : _bAstrea _c2003 |
|
| 300 |
_a559 p. _c20 cm. |
||
| 942 | _cBK | ||
| 590 | _aniveau_biblio:m niveau_hierar:0 | ||
| 100 | 1 | _aZunino, Jorge Osvaldo | |
| 700 | 1 | _aArgentina [Leyes, etc.] | |
| 856 | 4 | 1 |
_uhttps://biblioeco.unsa.edu.ar/pmb/images/libros/Regimen de sociedades comerciales-l86181.jpg _yImagen de portada _qimage/jpeg |
| 999 |
_c765 _d765 |
||